00889nam a2200241 a 4500008004100000020002900041040001500070245016200085260004100247300004600288336002600334337002800360338002700388500002000415504004100435650002600476650002500502650004100527650002800568700003300596003000100629005001700630  a0-12-513752-4 (hardback) aNUSTcNUST10aHandbook of advanced electronic and photonic materials and devices volume 5/cedited by Hari Singh Nalwa foreword by Nicolaas Bloembergen and Nobel Laureate. aSan Diego :bAcademic Press ,c2001. axxv, 267 pages :billustrations ,c29 cm. atextbtxt2rdacontent aunmediatedbn2rdamedia avolumebnc2rdacarrier aIncludes index. aIncludes bibliographical references. 1aPhotonicsxMaterials. aElectric conductors. aElectronic apparatus and appliances. aElectronicsxMaterials. aNalwa, Hari Singh.,aeditor.20230123141208.0